000 00691nam a2200193 4500
001 2016367
003 AM-YeHGA
005 20250911125630.0
008 250425s1913 ru ||||| |||| 00| 0 rus d
040 _aAM-YeHGA
041 0 _arus
100 1 _aГастфрейнд, Николай Андреевич
245 1 0 _aИван Иванович Пущин :
_b(Род. 4 мая 1798 г., [ум.] 3 апр. 1859 г.) /
_cН.А. Гастфрейнд.
260 _aСанкт-Петербург :
_bтип. П.П. Сойкина,
_c1913.
300 _a132 с.,
_b2 л. портр.
600 1 4 _aПущин, Иван Иванович
650 1 4 _aДекабристы
942 _2udc
_cBK
999 _c534478
_d534478